000 00397nam a2200157Ia 4500
008 231221s9999 xx 000 0 und d
020 _a3829004184
041 _aEnglish
082 _a641.23 LER;1 R
100 _aLerner, Daniel phot
245 0 _aSingle malt and scotch whisky
260 _c1997
_bBlack Dog
_aNew York
300 _avii+184
650 _amalt,scotch,whisky
942 _cHM
999 _c208352
_d208352